| 000 | 00334nam a22001097a 4500 | ||
|---|---|---|---|
| 008 | 230905b |||||||| |||| 00| 0 eng d | ||
| 022 | _a0022-328X | ||
| 040 |
_aNational Science Library _cNational Science Library |
||
| 245 | _aJournal of organo metallic chemistry | ||
| 260 |
_aSwitzerland: _bElsevier Science, _c1995 |
||
| 942 |
_cCR _2udc |
||
| 999 |
_c60291 _d60291 |
||